| 000 | 00377nam a2200157Ia 4500 | ||
|---|---|---|---|
| 008 | 231221s9999 xx 000 0 und d | ||
| 041 | _aEnglish | ||
| 082 | _a001.6424BAS JER | ||
| 100 | _aJerke, Noel | ||
| 245 | 0 | _aVisual basic 6 : The complete reference | |
| 260 |
_c1999 _bTMH _aNew Delhi |
||
| 300 | _axxvi+788 | ||
| 300 | _c37605 | ||
| 650 | _a Unix | ||
| 942 | _cCD | ||
| 999 |
_c203268 _d203268 |
||